| 000 | 00623nam a22002297a 4500 | ||
|---|---|---|---|
| 008 | 150622b xxu||||| |||| 00| 0 eng d | ||
| 020 | _a9781133348658 | ||
| 041 | 0 | _aeng | |
| 080 | _a339 | ||
| 100 | _aAdler, Nancy J.; | ||
| 245 |
_aMGT 309 International Business / _cNancy J. Adler; Mike W. Peng; |
||
| 250 | _a1st Edition | ||
| 260 |
_aUSA: _bCompilation; _c2011. |
||
| 300 |
_a393 f.: _bme il.; _c24 cm. |
||
| 500 | _aPreface: f.v-ix | ||
| 505 | _aIndex: f.383-393 | ||
| 650 | 0 | _aBiznesi ndërkombëtar | |
| 650 | 0 | _aTregëtia ndërkombëtare | |
| 650 | 0 | _aMenaxhimi | |
| 650 | 0 | _aOrganizimi | |
| 942 |
_2udc _cBK |
||
| 999 |
_c1064 _d1064 |
||